[Event "Berliner Einzelmeisterschaft 2002"]
[Site "Berlin"]
[Date "2022.04.19"]
[Round "5.4"]
[White "Nogly, Christoph"]
[Black "Rietze, Clemens"]
[Result "1/2-1/2"]
[WhiteElo "2245"]
[BlackElo "2279"]
[Annotator "TheRocket"]
[PlyCount "196"]
[EventDate "2022.??.??"]
[EventCountry "GER"]
[SourceTitle "SV Mattnetz Berlin e.V."]
[SourceDate "2022.04.23"]
[SourceVersion "1"]
[SourceVersionDate "2022.04.23"]
[SourceQuality "1"]

{[%evp 0,46,18,18,18,2,2,-11,-16,-24,9,-16,-1,-5,5,-21,39,4,21,-3,4,-16,-10,
-28,-55,-54,-72,-51,-64,-64,-61,-139,-84,-84,-9,2,0,-24,-28,-29,-12,-12,-28,
-14,-10,7,0,0,-8]} 1. d4 {[%emt 0:00:02]} Nf6 {[%emt 0:00:11]} 2. c4 {[%emt 0:
00:06]} e6 {[%emt 0:00:03]} 3. g3 {[%emt 0:00:04]} d5 {[%emt 0:00:10]} 4. Bg2 {
[%emt 0:00:05]} Bb4+ {[%emt 0:00:08]} 5. Nd2 {[%emt 0:00:12]} O-O {[%emt 0:00:
26]} 6. Ngf3 {[%emt 0:00:09]} dxc4 {[%emt 0:00:21]} 7. Qc2 {[%emt 0:00:32]} (7.
a3 {should be considered.} Bxd2+ 8. Bxd2) 7... a5 {[%emt 0:00:35]} 8. O-O {
[%emt 0:03:32]} b5 $1 {[%emt 0:00:26]} 9. a4 {[%emt 0:02:29]} c6 {[%emt 0:00:
12]} 10. b3 {[%emt 0:03:32]} cxb3 {[%emt 0:02:53]} 11. Nxb3 {[%emt 0:00:18]}
bxa4 {[%emt 0:00:16]} 12. Rxa4 {[%emt 0:21:08]} Ba6 {[%emt 0:00:27]} 13. Rd1 {
[%emt 0:00:40]} Bb5 {[%emt 0:00:33]} 14. Ra1 {[%emt 0:00:33]} Nbd7 {[%emt 0:20:
27]} 15. e4 {[%emt 0:28:17]} h6 {[%emt 0:10:24]} 16. Bd2 {[%emt 0:06:22]} Qe7 {
[%emt 0:24:08]} 17. Nxa5 {[%emt 0:10:29]} Rxa5 {[%emt 0:37:20]} 18. Rxa5 {
[%emt 0:00:19]} Bxa5 {[%emt 0:00:00]} 19. Bxa5 {[%emt 0:00:13]} Qa3 {[%emt 0:
00:00]} 20. Bc7 {[%emt 0:11:06]} Rc8 {[%emt 0:00:00]} ({Better is} 20... Ra8 $1
$15 21. Re1 Rc8) 21. Bf4 {[%emt 0:00:07]} Ba4 {[%emt 0:00:00]} 22. Qc1 {
[%emt 0:00:01]} Qxc1 {[%emt 0:00:00]} 23. Rxc1 {[%emt 0:00:02]} Nxe4 {[%emt 0:
00:00]} 24. Ne5 {[%emt 0:02:00]} Nxe5 {[%emt 0:00:00]} 25. Bxe4 {[%emt 0:02:00]
} Ng4 {[%emt 0:00:00]} 26. Bf3 {[%emt 0:00:20]} Nf6 {[%emt 0:00:00]} 27. h4 {
[%emt 0:00:44]} Bb5 {[%emt 0:00:00]} 28. g4 {[%emt 0:00:31]} Rd8 {[%emt 0:00:
00]} 29. g5 {[%emt 0:02:39]} hxg5 {[%emt 0:00:00]} 30. hxg5 {[%emt 0:00:02]}
Ne8 {[%emt 0:00:00]} ({Don't take} 30... Rxd4 31. Be3 Rc4 32. Rxc4 (32. gxf6
Rxc1+ 33. Bxc1 gxf6 $18) 32... Bxc4 33. gxf6 $16) 31. Be3 {[%emt 0:03:29]} Nd6
{[%emt 0:00:00]} 32. Bxc6 {[%emt 0:00:31]} Bxc6 {[%emt 0:00:00]} 33. Rxc6 {
[%emt 0:00:02]} Kh7 {[%emt 0:00:00]} 34. Kg2 {[%emt 0:02:58]} Nf5 {[%emt 0:00:
00]} 35. Rc4 {[%emt 0:00:59]} Kg6 {[%emt 0:00:00]} 36. Kf3 {[%emt 0:00:35]} Rh8
{[%emt 0:00:00]} ({Black should try} 36... Nxe3 $17 37. fxe3 Kxg5) 37. Rc5 {
[%emt 0:00:23]} Rh3+ {[%emt 0:01:04]} 38. Ke4 {[%emt 0:01:02]} Rh4+ {[%emt 0:
02:46]} 39. f4 {[%emt 0:00:35]} Rh1 {[%emt 0:05:20]} 40. Bd2 {[%emt 0:00:42]}
Rh2 {[%emt 0:00:50]} 41. Bc1 {[%emt 0:02:10]} Rh1 {[%emt 0:04:45]} 42. d5 {
[%emt 0:08:37]} exd5+ {[%emt 0:12:56]} 43. Kxd5 {[%emt 0:00:51]} Re1 {[%emt 0:
00:43]} 44. Bb2 {[%emt 0:06:51]} Ne7+ {[%emt 0:00:16]} 45. Kd4 {[%emt 0:02:27]}
Re2 {[%emt 0:00:02]} 46. Rb5 {[%emt 0:12:44]} Nf5+ {[%emt 0:02:35]} 47. Kd3 {
[%emt 0:00:00]} Re3+ {[%emt 0:00:02]} 48. Kd2 {[%emt 0:00:00]} Re6 {[%emt 0:00:
36]} 49. Be5 {[%emt 0:00:00]} f6 {[%emt 0:00:04]} 50. gxf6 {[%emt 0:00:00]}
gxf6 {[%emt 0:00:02]} 51. Bxf6 {[%emt 0:00:00]} Rxf6 {[%emt 0:00:30]} 52. Ra5 {
[%emt 0:00:00]} Kh5 {[%emt 0:00:03]} 53. Kd3 {[%emt 0:00:00]} Kg4 {[%emt 0:00:
05]} 54. Ra8 {[%emt 0:00:00]} Kf3 {[%emt 0:00:18]} 55. Re8 {[%emt 0:00:00]}
Rd6+ {[%emt 0:00:13]} 56. Kc3 {[%emt 0:00:00]} Rd7 {[%emt 0:00:43]} 57. Rf8 {
[%emt 0:00:00]} Ke4 {[%emt 0:00:30]} 58. Re8+ {[%emt 0:00:00]} Kxf4 {[%emt 0:
00:15]} 59. Kc2 {[%emt 0:00:00]} Ne3+ {[%emt 0:00:28]} 60. Kc3 {[%emt 0:00:00]}
Nd5+ {[%emt 0:00:13]} 61. Kc4 {[%emt 0:00:00]} Nf6 {[%emt 0:00:11]} 62. Rh8 {
[%emt 0:00:00]} Ke5 {[%emt 0:00:14]} 63. Rh4 {[%emt 0:00:00]} Ra7 {[%emt 0:01:
04]} 64. Rh1 {[%emt 0:00:00]} Rc7+ {[%emt 0:00:40]} 65. Kd3 {[%emt 0:00:00]}
Kd5 {[%emt 0:00:45]} 66. Rh8 {[%emt 0:00:24]} Rd7 {[%emt 0:00:43]} 67. Ra8 {
[%emt 0:00:22]} Ne4 {[%emt 0:01:02]} 68. Ke3 {[%emt 0:00:32]} Re7 {[%emt 0:01:
02]} 69. Kf4 {[%emt 0:00:18]} Nd6 {[%emt 0:00:55]} 70. Rd8 {[%emt 0:00:50]}
Rf7+ {[%emt 0:00:12]} 71. Ke3 {[%emt 0:00:10]} Ke5 {[%emt 0:00:04]} 72. Ra8 {
[%emt 0:00:10]} Nc4+ {[%emt 0:00:46]} 73. Kd3 {[%emt 0:00:08]} Rf4 {[%emt 0:00:
14]} 74. Re8+ {[%emt 0:00:34]} Kd5 {[%emt 0:00:03]} 75. Rd8+ {[%emt 0:00:08]}
Nd6 {[%emt 0:00:03]} 76. Ke3 {[%emt 0:00:19]} Ra4 {[%emt 0:00:15]} 77. Kf3 {
[%emt 0:00:19]} Ke5 {[%emt 0:00:07]} 78. Rh8 {[%emt 0:00:19]} Ra3+ {[%emt 0:01:
31]} 79. Ke2 {[%emt 0:00:15]} Nf5 {[%emt 0:01:19]} 80. Re8+ {[%emt 0:00:17]}
Kf4 {[%emt 0:01:28]} 81. Rd8 {[%emt 0:00:22]} Ng3+ {[%emt 0:01:09]} 82. Kd2 {
[%emt 0:00:12]} Ne4+ {[%emt 0:00:27]} 83. Kc2 {[%emt 0:00:05]} Ke3 {[%emt 0:00:
18]} 84. Rh8 {[%emt 0:00:47]} Ke2 {[%emt 0:01:57]} 85. Re8 {[%emt 0:00:57]} Ke3
{[%emt 0:01:05]} ({Black should play} 85... Rc3+ $15 86. Kb2 Rc4) 86. Rh8 $17 {
[%emt 0:00:08]} Rc3+ {[%emt 0:00:04]} 87. Kb2 {[%emt 0:00:06]} Rc4 {[%emt 0:00:
29]} 88. Rd8 {[%emt 0:00:43]} Nc5 {[%emt 0:00:39]} 89. Rh8 {[%emt 0:00:30]}
Nd3+ {[%emt 0:02:31]} 90. Kb3 {[%emt 0:00:19]} Rc6 {[%emt 0:00:18]} 91. Rh3+ {
[%emt 0:00:31]} Kd4 {[%emt 0:00:13]} 92. Rh4+ {[%emt 0:00:06]} Kd5 {[%emt 0:00:
03]} 93. Rh5+ {[%emt 0:00:23]} Ne5 {[%emt 0:00:03]} 94. Kb4 {[%emt 0:00:27]}
Rc8 {[%emt 0:00:33]} 95. Kb3 {[%emt 0:00:09]} Kd4 {[%emt 0:00:57]} 96. Rh4+ {
[%emt 0:00:09]} Ke3 {[%emt 0:00:08]} 97. Rh3+ {[%emt 0:00:07]} Nf3 {[%emt 0:00:
04]} 98. Kb4 {[%emt 0:00:12]} Ke4 {[%emt 0:00:13]} 1/2-1/2

[Event "Berliner Einzelmeisterschaft 2002"]
[Site "Berlin"]
[Date "2022.04.19"]
[Round "5.5"]
[White "Hesse, Henrik"]
[Black "Brustkern, Juergen"]
[Result "1-0"]
[WhiteElo "2191"]
[BlackElo "2226"]
[Annotator "TheRocket"]
[PlyCount "67"]
[EventDate "2022.??.??"]
[EventCountry "GER"]
[SourceTitle "SV Mattnetz Berlin e.V."]
[SourceDate "2022.04.23"]
[SourceVersion "1"]
[SourceVersionDate "2022.04.23"]
[SourceQuality "1"]

{[%evp 0,47,18,-5,39,37,28,23,24,45,65,54,43,46,48,45,57,54,54,48,76,63,56,63,
64,50,111,103,96,106,86,84,76,41,72,43,57,45,54,61,61,58,53,54,104,137,109,103,
121,140]} 1. c4 {[%emt 0:00:06]} f5 {[%emt 0:00:21]} 2. d4 {[%emt 0:00:52]} Nf6
{[%emt 0:00:27]} 3. g3 {[%emt 0:00:40]} e6 {[%emt 0:00:16]} 4. Bg2 {[%emt 0:00:
15]} Be7 {[%emt 0:01:04]} 5. Nc3 {[%emt 0:00:24]} O-O {[%emt 0:00:09]} 6. Nf3 {
[%emt 0:01:12]} d6 {[%emt 0:00:33]} 7. O-O {[%emt 0:00:39]} a5 {[%emt 0:00:20]}
8. b3 {[%emt 0:01:51]} Ne4 {[%emt 0:01:10]} 9. Bb2 {[%emt 0:00:52]} Bf6 {
[%emt 0:01:12]} 10. Qc2 {[%emt 0:01:26]} Nxc3 {[%emt 0:00:19]} 11. Bxc3 {
[%emt 0:00:16]} Nc6 {[%emt 0:01:06]} 12. e4 {[%emt 0:00:09]} e5 {[%emt 0:13:36]
} 13. dxe5 {[%emt 0:00:25]} Nxe5 {[%emt 0:02:13]} 14. Nxe5 {[%emt 0:00:19]}
Bxe5 {[%emt 0:00:11]} 15. Bxe5 {[%emt 0:00:17]} dxe5 {[%emt 0:00:07]} 16. Rad1
{[%emt 0:00:13]} Qe7 {[%emt 0:02:19]} 17. exf5 {[%emt 0:02:37]} Bxf5 {[%emt 0:
00:09]} 18. Bd5+ {[%emt 0:05:39]} Kh8 {[%emt 0:00:13]} 19. Be4 {[%emt 0:00:06]}
Bxe4 {[%emt 0:02:51]} 20. Qxe4 {[%emt 0:00:05]} c6 {[%emt 0:00:09]} 21. Rde1 {
[%emt 0:24:18]} Rfe8 {[%emt 0:02:25]} 22. f4 {[%emt 0:10:46]} Qc5+ {[%emt 0:00:
15]} 23. Kg2 {[%emt 0:02:48]} a4 {[%emt 0:02:17]} 24. fxe5 {[%emt 0:01:25]}
axb3 {[%emt 0:21:44]} 25. axb3 {[%emt 0:00:13]} Re6 {[%emt 0:01:53]} 26. Rf7 {
[%emt 0:19:25]} Ra2+ {[%emt 0:10:08]} 27. Re2 {[%emt 0:08:21]} Rxe2+ {[%emt 0:
11:01]} 28. Qxe2 {[%emt 0:00:08]} Kg8 {[%emt 0:00:05]} 29. Rxb7 {[%emt 0:02:55]
} Qxe5 $18 {[%emt 0:01:13]} 30. Qxe5 {[%emt 0:00:58]} Rxe5 {[%emt 0:00:09]} 31.
Kf3 {[%emt 0:01:43]} g6 {[%emt 0:09:34]} 32. b4 {[%emt 0:01:49]} h5 {[%emt 0:
00:18]} 33. c5 {[%emt 0:01:38]} Re1 {[%emt 0:00:22]} 34. b5 {[%emt 0:02:11]}
1-0

[Event "Berliner Einzelmeisterschaft 2002"]
[Site "Berlin"]
[Date "2022.04.19"]
[Round "5.6"]
[White "Niehaus, Frank"]
[Black "Ermitsch, Magnus"]
[Result "0-1"]
[WhiteElo "2045"]
[BlackElo "2127"]
[Annotator "TheRocket"]
[PlyCount "58"]
[EventDate "2022.??.??"]
[EventCountry "GER"]
[SourceTitle "SV Mattnetz Berlin e.V."]
[SourceDate "2022.04.23"]
[SourceVersion "1"]
[SourceVersionDate "2022.04.23"]
[SourceQuality "1"]

{[%evp 0,38,18,24,63,37,40,37,41,47,34,68,71,89,88,68,64,42,51,56,49,50,29,60,
41,45,45,15,11,-94,-63,-47,-55,-56,-40,-42,-42,-75,-43,-75,-79]} 1. e4 {
[%emt 0:05:50]} c5 {[%emt 0:01:02]} 2. Nf3 {[%emt 0:00:20]} e6 {[%emt 0:00:22]}
3. d4 {[%emt 0:00:14]} cxd4 {[%emt 0:00:58]} 4. Nxd4 {[%emt 0:00:05]} Nc6 {
[%emt 0:00:36]} 5. Nc3 {[%emt 0:00:15]} Qc7 {[%emt 0:00:32]} 6. Be3 {[%emt 0:
00:20]} a6 {[%emt 0:00:39]} 7. Qd2 {[%emt 0:00:11]} Nf6 {[%emt 0:00:37]} 8.
O-O-O {[%emt 0:00:11]} Be7 {[%emt 0:00:46] is cutting edge theory.} 9. f3 {
[%emt 0:00:51]} b5 {[%emt 0:00:40]} 10. g4 {[%emt 0:01:36] 10.Kb1 is not
played anymore.} Nxd4 {[%emt 0:01:02]} 11. Bxd4 {[%emt 0:00:34]} Bb7 {[%emt 0:
00:35]} 12. g5 {[%emt 0:11:26]} Nh5 {[%emt 0:01:10]} 13. Be3 {[%emt 0:01:14]}
b4 {[%emt 0:16:27] [#]} 14. Ne2 $146 {[%emt 0:10:22]} ({Predecessor:} 14. Na4
d5 15. Nb6 Rd8 16. exd5 Bxd5 17. Nxd5 Rxd5 18. Bd3 O-O 19. f4 Rfd8 20. Kb1 {
0-1 (49) Esquivias Quintero,L (2182)-Fernandez Romero,E (2473) Seville 2017})
14... d5 {[%emt 0:01:55]} 15. Nf4 {[%emt 0:02:38]} Nxf4 {[%emt 0:06:16]} 16.
Bxf4 {[%emt 0:00:05]} Qa5 {[%emt 0:04:25]} 17. Kb1 {[%emt 0:02:04]} O-O {
[%emt 0:05:22]} 18. e5 {[%emt 0:02:12]} d4 {[%emt 0:03:56]} 19. Qg2 {[%emt 0:
00:36]} Qd5 {[%emt 0:02:34]} 20. Be2 {[%emt 0:00:12]} a5 {[%emt 0:01:06]} 21.
Rhf1 {[%emt 0:00:55]} (21. Qf2 $142) 21... a4 $17 {[%emt 0:04:57]} 22. Bd3 {
[%emt 0:01:19]} Rfb8 {[%emt 0:04:01]} 23. h4 {[%emt 0:03:57]} b3 {[%emt 0:08:
53]} 24. cxb3 {[%emt 0:07:53]} axb3 {[%emt 0:02:51]} 25. a3 {[%emt 0:01:06]}
Bxa3 {[%emt 0:02:33]} 26. bxa3 {[%emt 0:03:04]} b2 {[%emt 0:03:21]} 27. Rd2 {
[%emt 0:01:45]} Rxa3 {[%emt 0:12:22]} 28. Bxh7+ {[%emt 0:03:39]} Kxh7 {[%emt 0:
00:34]} 29. Rxb2 {[%emt 0:00:05]} Rba8 {[%emt 0:00:34]} 0-1

[Event "Berliner Einzelmeisterschaft 2002"]
[Site "Berlin"]
[Date "2022.04.19"]
[Round "5.7"]
[White "Meyer-Dunker, Paul"]
[Black "Tscheuschner, Georg"]
[Result "1-0"]
[WhiteElo "2082"]
[BlackElo "2112"]
[Annotator "TheRocket"]
[PlyCount "127"]
[EventDate "2022.??.??"]
[EventCountry "GER"]
[SourceTitle "SV Mattnetz Berlin e.V."]
[SourceDate "2022.04.23"]
[SourceVersion "1"]
[SourceVersionDate "2022.04.23"]
[SourceQuality "1"]

{[%evp 0,43,18,8,37,44,89,57,70,24,24,39,55,5,6,-21,32,9,3,-48,-57,-33,-33,-38,
-28,-36,-31,-31,-22,-53,-55,-48,-42,-53,-30,-27,-40,-45,-41,-18,-14,-23,-19,-8,
16,14]} 1. e4 {[%emt 0:23:15]} c5 {[%emt 0:00:16]} 2. Nf3 {[%emt 0:00:14]} d6 {
[%emt 0:00:05]} 3. d4 {[%emt 0:00:08]} cxd4 {[%emt 0:00:05]} 4. Nxd4 {[%emt 0:
00:02]} Nf6 {[%emt 0:00:07]} 5. Nc3 {[%emt 0:00:01]} a6 {[%emt 0:00:03]} 6. Rg1
{[%emt 0:00:02]} e5 {[%emt 0:00:09]} 7. Nb3 {[%emt 0:00:02]} h5 {[%emt 0:00:06]
} 8. h3 {[%emt 0:00:37]} Be6 {[%emt 0:01:37]} 9. g4 {[%emt 0:01:03]} hxg4 {
[%emt 0:00:04]} 10. hxg4 {[%emt 0:00:02]} d5 {[%emt 0:00:07]} 11. exd5 {
[%emt 0:00:03]} Nxd5 {[%emt 0:00:15]} 12. Nxd5 {[%emt 0:00:06]} Qxd5 {[%emt 0:
00:54]} 13. Be3 {[%emt 0:00:43]} Nc6 {[%emt 0:10:42]} 14. c3 {[%emt 0:00:01]}
O-O-O {[%emt 0:06:24]} 15. Qxd5 {[%emt 0:02:29]} Bxd5 {[%emt 0:00:06]} 16. Be2
{[%emt 0:07:52]} Be4 {[%emt 0:35:34]} 17. Bb6 {[%emt 0:15:48]} Rd6 {[%emt 0:03:
58]} 18. Rd1 {[%emt 0:06:17]} Rxd1+ {[%emt 0:02:22]} 19. Kxd1 {[%emt 0:02:06]}
Be7 {[%emt 0:01:31]} 20. Bc4 {[%emt 0:06:16]} Bg6 {[%emt 0:03:43]} 21. Ke2 {
[%emt 0:01:26]} Nb8 {[%emt 0:06:33]} 22. Nc5 {[%emt 0:08:18]} Bxc5 {[%emt 0:00:
58]} 23. Bxc5 {[%emt 0:00:35]} Nd7 {[%emt 0:04:25]} 24. Be3 {[%emt 0:00:01]}
Kc7 {[%emt 0:04:42]} 25. a4 {[%emt 0:02:01]} Nf6 {[%emt 0:02:30]} 26. a5 {
[%emt 0:03:04]} Rh4 {[%emt 0:04:13]} 27. f3 {[%emt 0:07:48]} e4 {[%emt 0:00:21]
} 28. Bf2 {[%emt 0:04:39]} exf3+ {[%emt 0:01:40]} 29. Kxf3 {[%emt 0:00:02]}
Rxg4 {[%emt 0:01:50]} 30. Rxg4 {[%emt 0:00:24]} Bh5 {[%emt 0:00:04]} 31. Bxf7 {
[%emt 0:00:05]} Bxg4+ {[%emt 0:00:17]} 32. Kf4 {[%emt 0:01:24]} Bh5 {[%emt 0:
01:16]} 33. Bc4 {[%emt 0:02:31]} Bg6 $16 {[%emt 0:00:10]} 34. Bd4 {[%emt 0:01:
03]} Kd6 {[%emt 0:02:33]} 35. Bf1 {[%emt 0:02:24]} Nd5+ {[%emt 0:03:00]} 36.
Kg5 {[%emt 0:00:51]} Be4 {[%emt 0:00:11]} 37. Bxg7 {[%emt 0:00:51]} Nc7 {
[%emt 0:01:13]} 38. Bf8+ {[%emt 0:02:26]} Kc6 {[%emt 0:01:02]} 39. Kf6 {
[%emt 0:00:36]} Nd5+ {[%emt 0:01:32]} 40. Ke5 {[%emt 0:00:43]} Bf3 {[%emt 0:00:
38]} 41. c4 {[%emt 0:07:32]} Nc7 {[%emt 0:11:38]} 42. b4 {[%emt 0:02:43]} b6 {
[%emt 0:05:03]} 43. axb6 {[%emt 0:02:13]} Kxb6 {[%emt 0:00:07]} 44. Bh6 {
[%emt 0:00:40]} Bc6 {[%emt 0:00:42]} 45. Be3+ {[%emt 0:00:24]} Kb7 {[%emt 0:00:
05]} 46. Bd4 {[%emt 0:01:54]} Bf3 {[%emt 0:02:19]} 47. Kd6 {[%emt 0:02:54]}
Ne8+ {[%emt 0:00:36]} 48. Kc5 {[%emt 0:02:17]} Nc7 {[%emt 0:00:38]} 49. Bh3 {
[%emt 0:00:32]} Bc6 {[%emt 0:01:22]} 50. Bc8+ {[%emt 0:01:59]} Kxc8 {[%emt 0:
00:05]} 51. Kxc6 {[%emt 0:00:01]} Ne6 {[%emt 0:00:50]} 52. Be5 {[%emt 0:00:55]}
Nf8 {[%emt 0:05:07]} 53. Bh2 {[%emt 0:01:03]} Nd7 {[%emt 0:00:20]} 54. Bg3 {
[%emt 0:00:02]} Nf6 {[%emt 0:01:21]} 55. Kb6 {[%emt 0:00:15]} Ne4 {[%emt 0:02:
09]} 56. Bf4 {[%emt 0:00:11]} Kd7 {[%emt 0:00:13]} 57. Kxa6 {[%emt 0:00:40]}
Kc6 {[%emt 0:00:13]} 58. Be3 {[%emt 0:00:22]} Nf6 {[%emt 0:00:58]} 59. b5+ {
[%emt 0:00:17]} Kc7 {[%emt 0:00:30]} 60. b6+ {[%emt 0:00:29]} Kc6 {[%emt 0:00:
04]} 61. b7 {[%emt 0:00:37]} Nd7 {[%emt 0:00:09]} 62. Ka7 {[%emt 0:00:05]} Kc7
{[%emt 0:00:53]} 63. Bf2 {[%emt 0:00:59]} Kc6 {[%emt 0:01:09]} 64. b8=N+ {
[%emt 0:00:20]} 1-0

[Event "Berliner Einzelmeisterschaft 2002"]
[Site "Berlin"]
[Date "2022.04.19"]
[Round "5.8"]
[White "Noetzel, Felix"]
[Black "Roehr, Oliver"]
[Result "1-0"]
[WhiteElo "2215"]
[BlackElo "2100"]
[Annotator "TheRocket"]
[PlyCount "71"]
[EventDate "2022.??.??"]
[EventCountry "GER"]
[SourceTitle "SV Mattnetz Berlin e.V."]
[SourceDate "2022.04.23"]
[SourceVersion "1"]
[SourceVersionDate "2022.04.23"]
[SourceQuality "1"]

{[%evp 0,57,18,-20,35,47,40,16,66,54,54,54,55,54,31,47,61,34,47,47,47,20,20,9,
-9,9,49,1,18,32,27,34,27,39,123,112,138,111,114,108,332,-125,-127,-67,-46,-199,
-230,-195,-195,-266,-73,-146,-73,-98,163,154,392,497,613,653]} 1. c4 {[%emt 0:
00:03]} f5 {[%emt 0:00:10]} 2. Nc3 {[%emt 0:00:49]} Nf6 {[%emt 0:00:07]} 3. g3
{[%emt 0:00:32]} g6 {[%emt 0:00:08]} 4. Bg2 {[%emt 0:00:35]} Bg7 {[%emt 0:00:
05]} 5. d4 {[%emt 0:04:35]} O-O {[%emt 0:00:06]} 6. Nf3 {[%emt 0:00:13]} d6 {
[%emt 0:00:04]} 7. O-O {[%emt 0:02:30]} c6 {[%emt 0:00:04]} 8. b3 {[%emt 0:12:
48]} Na6 {[%emt 0:01:08] 8...Qa5 is more advanced technology.} 9. Bb2 {[%emt 0:
01:19]} Qc7 {[%emt 0:00:18]} 10. Qc2 {[%emt 0:10:29]} e5 {[%emt 0:01:05]} 11.
dxe5 {[%emt 0:14:13]} dxe5 {[%emt 0:00:03]} 12. e4 {[%emt 0:00:09]} f4 {
[%emt 1:33:12]} 13. Rad1 {[%emt 0:08:11] [#]} fxg3 $146 {[%emt 0:00:00]} ({
Predecessor:} 13... Bg4 14. Ba3 Rfd8 15. Rxd8+ Rxd8 16. Rd1 Rxd1+ 17. Qxd1 fxg3
18. hxg3 Bf8 19. Bxf8 Kxf8 {0-1 (54) Vogelbacher,G (2164)-Wenner,T (2240)
Germany 2008}) 14. hxg3 {[%emt 0:07:19]} Bg4 {[%emt 0:00:00]} 15. Ba3 {[%emt 0:
03:32]} Rfe8 {[%emt 0:00:00]} 16. Bd6 {[%emt 0:07:56]} Qf7 {[%emt 0:00:00]} 17.
Ng5 {[%emt 0:11:19]} Bxd1 {[%emt 0:00:00]} 18. Rxd1 {[%emt 0:00:30]} Qd7 {
[%emt 0:00:00] [#]} 19. Bh3 $1 {[%emt 0:00:12]} Ng4 {[%emt 0:00:00]} 20. f3 {
[%emt 0:03:24]} Qd8 {[%emt 0:00:00]} 21. Qd2 {[%emt 0:08:25]} Bh6 {[%emt 0:00:
00]} 22. f4 {[%emt 0:00:30]} Qb6+ {[%emt 0:00:00]} 23. c5 {[%emt 0:01:38]} Nxc5
{[%emt 0:00:00]} 24. Kg2 {[%emt 0:00:02] [#]} exf4 $11 {[%emt 0:00:00]} 25.
gxf4 {[%emt 0:00:40]} Bxg5 {[%emt 0:00:00]} 26. Bxg4 {[%emt 0:00:05]} Be7 {
[%emt 0:00:00]} 27. Na4 {[%emt 0:00:39]} Nxa4 {[%emt 0:00:00]} 28. Be6+ {
[%emt 0:00:04]} Kg7 {[%emt 0:00:00]} 29. Be5+ {[%emt 0:00:33]} Kf8 {[%emt 0:00:
00]} 30. f5 {[%emt 0:00:36]} g5 {[%emt 0:00:00]} 31. Qe2 {[%emt 0:01:11]} Bb4 {
[%emt 0:00:00]} 32. Qh5 {[%emt 0:00:31]} Re7 {[%emt 0:00:00]} 33. Qxg5 {
[%emt 0:00:43]} Rf7 {[%emt 0:00:25]} 34. Bxf7 {[%emt 0:00:27]} c5 {[%emt 0:01:
50]} 35. Qg8+ {[%emt 0:00:38]} Ke7 {[%emt 0:00:01]} 36. f6+ {[%emt 0:00:13]}
1-0

[Event "Berliner Einzelmeisterschaft 2002"]
[Site "Berlin"]
[Date "2022.04.20"]
[Round "6.1"]
[White "Lagunow, Raphael"]
[Black "Mirzoev, Emil"]
[Result "1-0"]
[WhiteElo "2385"]
[BlackElo "2460"]
[Annotator "TheRocket"]
[PlyCount "79"]
[EventDate "2022.??.??"]
[EventCountry "GER"]
[SourceTitle "SV Mattnetz Berlin e.V."]
[SourceDate "2022.04.23"]
[SourceVersion "1"]
[SourceVersionDate "2022.04.23"]
[SourceQuality "1"]

{[%evp 0,50,25,16,38,42,68,58,54,43,36,28,28,55,32,51,95,34,56,6,41,26,44,74,
104,-39,50,44,110,86,86,86,107,106,116,114,118,111,150,148,166,166,169,158,164,
165,160,164,163,149,149,149,141]} 1. e4 {[%emt 0:15:27]} d5 {[%emt 0:00:15]} 2.
exd5 {[%emt 0:00:34]} Qxd5 {[%emt 0:00:02]} 3. Nc3 {[%emt 0:01:04]} Qa5 {
[%emt 0:00:09]} 4. d4 {[%emt 0:00:48]} Nf6 {[%emt 0:00:12]} 5. Bc4 {[%emt 0:02:
02]} Nc6 {[%emt 0:00:06]} 6. Nge2 {[%emt 0:25:20]} Bg4 {[%emt 0:01:41]} 7. f3 {
[%emt 0:13:08]} Bh5 {[%emt 0:00:29]} (7... Be6 $14 8. Bxe6 fxe6) 8. g4 {
[%emt 0:01:40]} (8. Be3 $14) 8... Bg6 $1 {[%emt 0:01:30]} 9. h4 {[%emt 0:01:39]
} h6 {[%emt 0:11:40]} 10. h5 {[%emt 0:00:33]} Bh7 $1 {[%emt 0:00:46]} 11. Bd2 {
[%emt 0:04:59]} O-O-O {[%emt 0:01:30] [#]} ({Black should play} 11... Qb4 $11
12. b3 e6) 12. a3 $1 {[%emt 0:06:56]} ({Don't play} 12. Bxf7 $6 e5 13. Nd5 Qb5
$11) 12... Nxd4 {[%emt 1:18:10]} 13. Nxd4 {[%emt 0:00:06]} Qc5 {[%emt 0:00:00]
[#]} (13... Rxd4 $14 14. Nb5 (14. Bxf7 Qb6 $14) 14... Qxd2+ 15. Qxd2 Rxd2 16.
Kxd2 c6) 14. Qe2 $1 {[%emt 0:01:45]} Rxd4 {[%emt 0:00:00]} 15. Bxf7 {[%emt 0:
01:00]} e5 {[%emt 0:00:00]} 16. Be3 {[%emt 0:02:24]} a6 {[%emt 0:00:00]} (16...
c6 $16) 17. Bxd4 {[%emt 0:06:23]} exd4 {[%emt 0:00:00] [#]} 18. Nd5 $1 {
[%emt 0:00:09]} Bd6 {[%emt 0:00:00] [#]} 19. Nxf6 $1 {[%emt 0:00:16]} Bg3+ {
[%emt 0:00:00]} 20. Kf1 {[%emt 0:01:47]} gxf6 {[%emt 0:00:00]} 21. Bg6 {
[%emt 0:01:22]} Be5 {[%emt 0:00:00]} 22. Bxh7 {[%emt 0:03:46]} Rxh7 {[%emt 0:
00:00]} 23. Kg2 {[%emt 0:01:01]} Kb8 {[%emt 0:00:00]} 24. Qe4 {[%emt 0:00:54]}
Rg7 {[%emt 0:00:00]} 25. Rae1 {[%emt 0:00:10]} Bd6 {[%emt 0:00:00]} 26. Kh3 {
[%emt 0:01:27]} Rg5 {[%emt 0:00:00]} 27. f4 {[%emt 0:01:45]} Rd5 {[%emt 0:00:
00]} 28. Rhf1 {[%emt 0:00:46]} Ka7 {[%emt 0:00:00]} 29. Rf3 {[%emt 0:01:10]} f5
{[%emt 0:00:00]} 30. gxf5 {[%emt 0:00:04]} (30. Qd3 $18) 30... Rxf5 {[%emt 0:
00:38] [#]} 31. Kg4 {[%emt 0:00:28]} ({Reject} 31. Rb3 b6 32. Rf1 Rf8 $11) (31.
b4 $1 $16 {[%cal Rb4c5]} Qb5 32. Kg2 (32. Qxd4+ b6 $16)) 31... Rf8 {[%emt 0:01:
43]} (31... Rf7 $11 32. Qg6 Rf8) 32. Qg6 {[%emt 0:01:16]} (32. b4 $14 Qb5 33.
Qxd4+ b6 34. Qe4 (34. f5 Rg8+ 35. Kh4 Rg2 $11)) 32... Qd5 $2 {[%emt 0:02:33]} (
32... d3 $11 {and Black has nothing to worry.} 33. cxd3 Qc2) 33. Re8 {[%emt 0:
00:38]} Rxf4+ {[%emt 0:02:43]} 34. Rxf4 {[%emt 0:00:18]} Qg2+ {[%emt 0:00:10]}
35. Kf5 {[%emt 0:00:44]} Qxc2+ $2 {[%emt 0:00:01]} (35... Qd5+ $16 36. Kf6 Bxf4
$16) 36. Kf6 {[%emt 0:02:03]} d3 {[%emt 0:01:38]} 37. Rf1 {[%emt 0:00:51]} Qc6
{[%emt 0:01:40]} 38. Re6 {[%emt 0:01:34]} d2 {[%emt 0:00:42]} 39. Qe4 {[%emt 0:
00:35]} Qb5 {[%emt 0:00:15]} 40. Qe2 $18 {[%emt 0:00:49]} 1-0